Statistiche per nomi maschili italiani più diffusi

Clicka qui per fare il quiz!

Statistiche generali

  • Questo quiz è stato fatto 134 volte
  • Il punteggio medio è 26 su 50

Statistiche sulle risposte

NOMIPOSIZIONE% Corretto
FRANCESCO4
92%
MARCO27
92%
ALESSANDRO2
87%
GIOVANNI19
87%
MATTEO12
87%
ANDRE10
81%
LUCA30
81%
ANTONIO15
72%
LORENZO5
72%
DANIEL47
70%
MATTIA7
70%
GIUSEPPE14
69%
FEDERICO16
68%
ALESSIO35
67%
DAVIDE22
67%
PIETRO17
67%
LEONARDO1
66%
SIMONE39
61%
TOMMASO3
61%
GIACOMO36
59%
MICHELE26
59%
NICOLA49
59%
RICCARDO8
59%
DANIELE43
57%
FILIPPO20
55%
GIORGIO44
55%
GIULIO25
54%
CHRISTIAN23
53%
GABRIEL28
53%
LUIGI46
51%
EMANUELE33
50%
NICCOLO13
49%
SALVATORE31
46%
EDOARDO6
45%
GABRIELE9
45%
VINCENZO32
45%
DIEGO11
40%
MANUEL48
39%
SAMUEL40
37%
SAMUELE18
30%
THOMAS34
29%
ELIA29
27%
JACOPO41
26%
ETTORE45
22%
ENEA21
21%
DAMIANO50
15%
GIOELE24
13%
NOAH42
10%
NATHAN37
8%
LIAM38
5%

Distribuzione punteggi

Percentile per numero di risposta

Percentuale di utenti per punteggio

I tuoi punteggi nel tempo

Non hai fatto questo quiz